<?xml version="1.0" encoding="UTF-8"?>
<marc:record xmlns:marc="http://www.loc.gov/MARC21/slim">
   <marc:leader>00000nam a2200000 a 4500</marc:leader>
   <marc:datafield ind1="1" ind2=" " tag="100">
      <marc:subfield code="a">Engler, Michael</marc:subfield>
      <marc:subfield code="4">aut</marc:subfield>
      <marc:subfield code="e">Verfasser/-in</marc:subfield>
   </marc:datafield>
   <marc:datafield ind1=" " ind2=" " tag="653">
      <marc:subfield code="a">Mut</marc:subfield>
   </marc:datafield>
   <marc:datafield ind1=" " ind2=" " tag="653">
      <marc:subfield code="a">Angstbewältigunh</marc:subfield>
   </marc:datafield>
   <marc:datafield ind1="0" ind2="0" tag="245">
      <marc:subfield code="a">Wir zwei machen uns Mut</marc:subfield>
   </marc:datafield>
   <marc:datafield ind1=" " ind2="1" tag="264">
      <marc:subfield code="b">Baumhaus</marc:subfield>
      <marc:subfield code="c">2022</marc:subfield>
   </marc:datafield>
   <marc:datafield ind1="1" ind2=" " tag="490">
      <marc:subfield code="a">Wir zwei gehören zusammen</marc:subfield>
   </marc:datafield>
   <marc:datafield ind1="1" ind2=" " tag="520">
      <marc:subfield code="a">Die Eichen werfen schon lange Schatten, als der Hase beim Spielen plötzlich ein ungutes Gefühl bekommt. Lauert da nicht etwas im Gebüsch?

Der Igel und das Eichhörnchen können nichts Merkwürdiges entdecken, dennoch schläft der Hase fortan schlecht und hat zu nichts mehr Lust. So kann das nicht weitergehen, beschließt der Igel und ruft alle Freunde zusammen. Gemeinsam überlegen sie, wie sie dem Hasen wieder Mut machen können ...[Verlagstext]</marc:subfield>
   </marc:datafield>
   <marc:datafield ind1=" " ind2=" " tag="020">
      <marc:subfield code="a">9783833906947</marc:subfield>
      <marc:subfield code="9">9783833906947</marc:subfield>
   </marc:datafield>
</marc:record>
